Die 7 Weltreligionen - Statistiken

Allgemein
  • Dieses Quiz wurde 152 mal gespielt
  • Das Durchschnittsergebnis liegt bei 4 aus 7
Antwortstatistiken
Anzahl der Anhänger Religion % Korrekt
2,4 Milliarden Christentum
99%
1,9 Milliarden Islam
92%
1,4 Milliarden Hinduismus
78%
500 Millionen Buddhismus
68%
15 Millionen Judentum
63%
70 Millionen Daoismus
5%
6 Millionen Konfuzianismus
1%
Keine übereinstimmenden Quizze gefunden
Verteilung der Resultate
Anzahl Personen mit jedem Resultat
Perzentil nach korrekt beantworteten Fragen
Ihre Resultats-Entwicklung
Sie haben dieses Quiz noch nicht gespielt